MyGZULibrary

An introduction to the New Testament / (Record no. 2350)

MARC details
000 -LEADER
fixed length control field 01170cam a2200325 a 4500
001 - CONTROL NUMBER
control field 17048674
003 - CONTROL NUMBER IDENTIFIER
control field GZU
005 - DATE AND TIME OF LATEST TRANSACTION
control field 20201028162632.0
008 - FIXED-LENGTH DATA ELEMENTS--GENERAL INFORMATION
fixed length control field 111117s2011 oruab b 001 0 eng d
010 ## - LIBRARY OF CONGRESS CONTROL NUMBER
LC control number 2011456287
020 ## - INTERNATIONAL STANDARD BOOK NUMBER
International Standard Book Number 1606087851
020 ## - INTERNATIONAL STANDARD BOOK NUMBER
International Standard Book Number 9781606087855
020 ## - INTERNATIONAL STANDARD BOOK NUMBER
International Standard Book Number 9780718892654
035 ## - SYSTEM CONTROL NUMBER
System control number (OCoLC)ocn741342429
040 ## - CATALOGING SOURCE
Original cataloging agency YDXCP
Transcribing agency YDXCP
Modifying agency LNT
-- BWX
-- DRU
-- DLC
042 ## - AUTHENTICATION CODE
Authentication code lccopycat
050 00 - LIBRARY OF CONGRESS CALL NUMBER
Classification number BS2330.2
Item number .PUS 2011
100 1# - MAIN ENTRY--PERSONAL NAME
Personal name Puskas, Charles B.
Relator term author
245 13 - TITLE STATEMENT
Title An introduction to the New Testament /
Statement of responsibility, etc. Charles B. Puskas and C. Michael Robbins.
250 ## - EDITION STATEMENT
Edition statement 2nd ed.
260 ## - PUBLICATION, DISTRIBUTION, ETC.
Place of publication, distribution, etc. Eugene, Or. :
Name of publisher, distributor, etc. Cascade Books,
Date of publication, distribution, etc. c2011.
300 ## - PHYSICAL DESCRIPTION
Extent xx, 374 p. :
Other physical details ill., maps ;
Dimensions 26 cm.
504 ## - BIBLIOGRAPHY, ETC. NOTE
Bibliography, etc. note Includes bibliographical references (p. 281-324) and indexes.
505 0# - FORMATTED CONTENTS NOTE
Formatted contents note The world of the New Testament -- Interpreting the New Testament -- Jesus and early Christianity.
630 00 - SUBJECT ADDED ENTRY--UNIFORM TITLE
Uniform title Bible.
Name of part/section of a work New Testament
Form subdivision Introductions.
700 1# - ADDED ENTRY--PERSONAL NAME
Personal name Robbins, C. Michael,
Dates associated with a name 1955-
Relator term author
906 ## - LOCAL DATA ELEMENT F, LDF (RLIN)
a 7
b cbc
c copycat
d 2
e ncip
f 20
g y-gencatlg
942 ## - ADDED ENTRY ELEMENTS (KOHA)
Source of classification or shelving scheme Library of Congress Classification
Koha item type Books
Classification part 2330.2
Item part PUS
Call number prefix BS
Holdings
Withdrawn status Lost status Source of classification or shelving scheme Damaged status Not for loan Collection code Home library Current library Shelving location Date acquired Total Checkouts Full call number Barcode Date last seen Copy number Price effective from Koha item type
    Library of Congress Classification     Non-fiction City Campus Library City Campus Library General Stacks 05/12/2015   BS2330.2 PUS 2011 003796 10/28/2020 c. 1 10/28/2020 Books